000 00372nam a2200157 4500
008 170125s1988||||xo d
100 1 _aKosidowski Zenon
_9107
245 1 0 _aCo rozprávali evanjelisti
250 _a1. vydanie
260 _bObzor
_aBratislava
_c1988
300 _a328 s.
020 _a65-003-88
_c0
041 1 _aslo
044 _axo
_cSK
958 _aAPR
999 _c21228
_d21228